Peep inside the garden / (Record no. 49939)
| 000 -LEADER | |
|---|---|
| fixed length control field | 01270nam a2200253 4500 |
| 016 7# - NATIONAL BIBLIOGRAPHIC AGENCY CONTROL NUMBER | |
| Record control number | 017191808 |
| Source | Uk |
| 020 ## - INTERNATIONAL STANDARD BOOK NUMBER | |
| International Standard Book Number | 9781409572138 (hardback) : |
| Terms of availability | £6.99 |
| 020 ## - INTERNATIONAL STANDARD BOOK NUMBER | |
| International Standard Book Number | 1409572137 (hardback) : |
| Terms of availability | £6.99 |
| 100 1# - MAIN ENTRY--PERSONAL NAME | |
| Personal name | Milbourne, Anna, |
| Relator term | author. |
| 9 (RLIN) | 42904 |
| 245 14 - TITLE STATEMENT | |
| Title | Peep inside the garden / |
| Statement of responsibility, etc | written by Anna Milbourne, illustrated by Simona Dimitri. |
| 260 ## - PUBLICATION, DISTRIBUTION, ETC. (IMPRINT) | |
| Place of publication, distribution, etc | London, England; |
| Name of publisher, distributor, etc | Usborne Publishing; |
| Date of publication, distribution, etc | April, 1st 2015. |
| 300 ## - PHYSICAL DESCRIPTION | |
| Extent | 14 unnumbered pages : |
| Other physical details | colour illustrations ; |
| Dimensions | 20 cm. |
| 490 ## - SERIES STATEMENT | |
| Series statement | Usborne peep inside |
| 500 ## - GENERAL NOTE | |
| General note | Lift-the-flap book. |
| 500 ## - GENERAL NOTE | |
| General note | "Written by Anna Milbourne, designed by Nicola Butler"--Back cover. |
| 520 ## - SUMMARY, ETC. | |
| Summary, etc | A sunny garden hums, buzzes, creeps and crawls with life. Lift the flaps and peep through the delicate laser-cut holes to discover a whole host of butterflies, birds and bees, caterpillars, squirrels, frogs and other garden wildlife. A delightful information book for the very young. |
| 650 ## - SUBJECT ADDED ENTRY--TOPICAL TERM | |
| Topical term or geographic name as entry element | Garden animals |
| Form subdivision | Pictorial works |
| -- | Juvenile literature. |
| 9 (RLIN) | 87018 |
| 650 ## - SUBJECT ADDED ENTRY--TOPICAL TERM | |
| Topical term or geographic name as entry element | Board books |
| Form subdivision | Specimens. |
| 9 (RLIN) | 65140 |
| 650 ## - SUBJECT ADDED ENTRY--TOPICAL TERM | |
| Topical term or geographic name as entry element | Lift-the-flap books |
| 9 (RLIN) | 51053 |
| 700 1# - ADDED ENTRY--PERSONAL NAME | |
| Personal name | Milbourne, Anna, |
| Relator term | author. |
| 9 (RLIN) | 42904 |
| 830 #0 - SERIES ADDED ENTRY--UNIFORM TITLE | |
| Uniform title | Usborne peep inside. |
| 9 (RLIN) | 87019 |
| 942 ## - ADDED ENTRY ELEMENTS (KOHA) | |
| Source of classification or shelving scheme | |
| Koha item type | Board Book |
| Withdrawn status | Lost status | Source of classification or shelving scheme | Damaged status | Not for loan | Home library | Current library | Date acquired | Total Checkouts | Full call number | Barcode | Date last seen | Date checked out | Price effective from | Koha item type |
|---|---|---|---|---|---|---|---|---|---|---|---|---|---|---|
| Logos International School | Logos International School | 12/10/2025 | 8 | BB MIL | 100115 | 04/24/2026 | 04/22/2026 | 12/10/2025 | Board Book |